Normal view
MARC view
- Recorvits, Helen
Entry Nombre Personal
001 - NUMERO DE CONTROL
- campo de control: 40079
003 - IDENTIFICADOR DE NUMERO DE CONTROL
- campo de control: UPN
005 - FECHA Y HORA DE LA ÜLTIMA TRANSACCIÓN
- campo de control: 20210219194552.0
008 - DATOS DE LONGITUD FIJA
- campo de control de longitud fija: nabaccnnaabn|||||||||| b |nc|||||d
035 ## - NUMERO DE CONTROL
- Número de control: UPN11000012186
040 ## - FUENTE DE CATALOGACIÓN
- Lenguaje de catalogación: SPA
- Agencia de transcripción: UPN
100 1# - ENCABEZAMIENTO - NOMBRE PERSONAL
- Nombre personal: Recorvits, Helen
670 ## - FUENTE EN LA QUE SE LOCALIZARON DATOS
- Cita de la fuente: T
- Información localizada: http://www.bienvenidosalafiesta.com/index.php?mod=Indices&acc=VerFicha&autId=0000000AN7
680 ## - NOTA PUBLICA DE ACCESO PÚBLICO
- Frase explicativa de la referencia: Escritora norteamericana. De ascendencia polaca y rusa. Estudió Pedagogía y Psicología. Autora de varios libros infantiles y juveniles
902 ## - CATALOGADOR
- Catalogador: MCM/270417
